LIBRARY & INFORMATION CENTRE, KCAET, TAVANUR

ONLINE PUBLIC ACCESS CATALOGUE (OPAC)

Post harvest technologyof cereals, pulses and oil seeds / (Record no. 2423)

MARC details
000 -LEADER
fixed length control field 00542cam a2200205ua 4500
020 ## - INTERNATIONAL STANDARD BOOK NUMBER
ISBN 81 204 0289 8
041 ## - LANGUAGE CODE
Language code of text/sound track or separate title eng
082 ## - DEWEY DECIMAL CLASSIFICATION NUMBER
Classification number 631.55
Item number CHA/PO
100 ## - MAIN ENTRY--AUTHOR NAME
Personal name Chakraverty, A .
245 ## - TITLE STATEMENT
Title Post harvest technologyof cereals, pulses and oil seeds /
260 ## - PUBLICATION, DISTRIBUTION, ETC. (IMPRINT)
Place of publication Bombay :
Name of publisher Oxford publishing co. pvt.ltd ,
Year of publication 1988.
300 ## - PHYSICAL DESCRIPTION
Number of Pages 299 ; .
942 ## - ADDED ENTRY ELEMENTS (KOHA)
Koha item type Books
Holdings
Withdrawn status Lost status Damaged status Home library Current library Date acquired Full call number Accession Number Koha item type Shelving location Collection code
      KAUAET KAUAET 31/05/1989 631.55 16510 Books    
      KAUAET KAUAET 31/05/1989 631.55 16511 Books    
    Damaged KAUAET KAUAET 07/04/2012 631.55 18623 Books Binding Shelf  
Withdrawn     KAUAET KAUAET 31/05/1989 631.55 16509 Books    
    Damaged KAUAET KAUAET 07/04/2012 631.55 16747 Books    
      KAUAET KAUAET 31/03/2012 631.55 CHA/PO 23034 Books General Stacks Non-fiction
      KAUAET KAUAET 31/03/2012 631.55 CHA/PO 23035 Books General Stacks Non-fiction
      KAUAET KAUAET 31/03/2012 631.55 CHA/PO 23036 Books General Stacks Non-fiction
      KAUAET KAUAET 31/03/2012 631.55 CHA/PO 23037 Books General Stacks Non-fiction
      KAUAET KAUAET 31/03/2012 631.55 CHA/PO 23038 Books General Stacks Non-fiction
      KAUAET KAUAET 31/03/2012 631.55 CHA/PO 23039 Books General Stacks Non-fiction
      KAUAET KAUAET 31/03/2012 631.55 CHA/PO 23040 Books General Stacks Non-fiction
      KAUAET KAUAET 31/03/2012 631.55 CHA/PO 23041 Books General Stacks Non-fiction
      KAUAET KAUAET 31/03/2012 631.55 CHA/PO 23042 Books General Stacks Non-fiction
      KAUAET KAUAET 31/03/2012 631.55 CHA/PO 23043 Books General Stacks Non-fiction
free website counter